• 首页
  • 本馆介绍
  • 公告通知
  • 最新文献
  • 馆藏检索
  • 电子资源
  • 读者导购
  • 参考咨询
  • 我的图书馆
  • 登录
  • 详细信息显示
  • 放入我的书架
  • 预约/预借图书
  • 作者相关作品
  • 分类相关作品
  • 丛书相关作品
  • 出版社相关作品

书目信息

  • 表格格式
  • 工作单格式
  • 卡片格式
题名:
问题的哲学研究
    
 
作者: 张掌然 著
分册:  
出版信息: 北京   人民出版社  2005
页数: 353页
开本: 21cm
丛书名:
单 册:
中图分类: B0
科图分类:
主题词: 问题--哲学理论--研究 , 问题 , 哲学理论
电子资源:
ISBN: 7-01-005284-0
000 00809nam0 2200241 450
001 010040030428
005 20061029084317.25
010    @a7-01-005284-0@dCNY24.00
100    @a20060215d2005 em y0chiy0110 ea
101 0  @achi
102    @aCN@b110000
105    @aa z 000yy
200 1  @a问题的哲学研究@9wen ti de zhe xue yan jiu@f张掌然著
210    @a北京@c人民出版社@d2005
215    @a353页@c图@d21cm
330    @a本书选择了“问题”本身作为研究对象,并对此进行了系统而深入的探讨,从心理学、语言-逻辑学、科学哲学、技术哲学、一般哲学、马克思主义的问题观等多学科对于问题进行了系统而全面的考察、梳理。
606 0  @a问题@x哲学理论@x研究
606 0  @a问题
606 0  @a哲学理论
690    @aB0@v4
701  0 @a张掌然@9zhang zhang ran@4著
801  0 @aCN@bRENTIAN@c20061029
905    @a10447@dB0@e205
    
    问题的哲学研究/张掌然著.-北京:人民出版社,2005
    353页:图;21cm
    
    
    ISBN 7-01-005284-0:CNY24.00
    本书选择了“问题”本身作为研究对象,并对此进行了系统而深入的探讨,从心理学、语言-逻辑学、科学哲学、技术哲学、一般哲学、马克思主义的问题观等多学科对于问题进行了系统而全面的考察、梳理。
●
相关链接 在E读中查询图书 在五车中查询图书 在当当中查询图书 在豆瓣中查询图书


正题名:问题的哲学研究     索取号:B0/205         预约/预借

序号 登录号 条形码 馆藏地/架位号 状态 备注
1 0388146   203881460   第一样本阅览室/ [索取号:B0/205] 在馆    
2 0388147   203881479   密集书库/ [索取号:B0/205] 在馆    
3 0388148   203881488   第一借阅区/ [索取号:B0/205] 在馆    
4 0388149   203881497   密集书库/ [索取号:B0/205] 在馆    
5 0388150   203881503   第一借阅区/ [索取号:B0/205] 在馆    
唐山师范学院图书馆 欢迎您!
大连网信软件有限公司© 版权所有